Adolf Hitler montré à l'écran en mort subite - Statistiques

Statistiques générales
  • Ce quiz a été pris 107 fois
  • Le résultat moyen est 16 sur 40
Answers on the Grid
Answers color-coded by a green-red scale on the quiz's grid according to % correct below.
Doctor Who - épisode "Allons tuer Hitler" (2011)
Captain America: First Avenger (2011)
Après Mein Kampf, mes crimes (1940)
L'As des as (1982)
Le Bunker (téléfilm, 1981)
Pétain (1993)
Le Chouchou de l'asile (1979)
La Chute (2004)
Couleurs de l'incendie (2022)
The Devil with Hitler (1942)
Les Dix Derniers Jours d'Hitler (1973)
L'Étau de Munich (2021)
La Fabrique du mensonge (2024)
La Face cachée d'Adolf Hitler (1977)
La Fin d'Hitler (1955)
Le Führer en folie (1973)
Hitler : La Naissance du mal (2003)
Hitler est kaput ! (2008)
Il est de retour (2015)
Inglourious Basterds (2009)
Iron Sky 2 (2019)
Jojo Rabbit (2019)
Kung Fury (2015)
Max (2002)
Mission secrète (1950)
La Quatrième Dimension - épisode "Il est vivant" (1963)
Mon Führer : La Vraie Véritable Histoire d'Adolf Hitler (2007)
Nazis at the Center of the Earth (2012)
Orange mécanique (1971)
The Strange Death of Adolf Hitler (1943)
La Vie privée d'Hitler (1962)
Walkyrie (2008)
Opération Walkyrie (téléfilm, 2004)
Indiana Jones et la Dernière Croisade (1989)
Le Triomphe de la volonté (1935)
Les Dieux du stade (1938)
La Rafle (2010)
Contact (1997)
Les Onze Commandements (2004)
Monuments Men (2014)
Légendes d'automne (1994)
Antarctica (1983)
Breaking Bad - épisode "Heisenberg" (2012)
Le Prénom (2012)
La fille au pyjama rayé (1999)
Good Bye, Hitler! (2003)
 
Statistiques - réponses
Réponse % Correct
Hitler : La Naissance du mal (2003)
72%
La Fin d'Hitler (1955)
68%
Mon Führer : La Vraie Véritable Histoire d'Adolf Hitler (2007)
68%
La Face cachée d'Adolf Hitler (1977)
67%
La Vie privée d'Hitler (1962)
66%
Les Dix Derniers Jours d'Hitler (1973)
65%
Le Führer en folie (1973)
61%
Après Mein Kampf, mes crimes (1940)
59%
Hitler est kaput ! (2008)
58%
The Strange Death of Adolf Hitler (1943)
57%
Inglourious Basterds (2009)
56%
Doctor Who - épisode "Allons tuer Hitler" (2011)
54%
La Chute (2004)
52%
The Devil with Hitler (1942)
52%
Le Bunker (téléfilm, 1981)
47%
Nazis at the Center of the Earth (2012)
47%
La Rafle (2010)
44%
Pétain (1993)
44%
Il est de retour (2015)
39%
La Quatrième Dimension - épisode "Il est vivant" (1963)
37%
Les Dieux du stade (1938)
35%
L'Étau de Munich (2021)
35%
Walkyrie (2008)
35%
Jojo Rabbit (2019)
34%
Les Onze Commandements (2004)
33%
Le Triomphe de la volonté (1935)
33%
Captain America: First Avenger (2011)
32%
Opération Walkyrie (téléfilm, 2004)
32%
Indiana Jones et la Dernière Croisade (1989)
28%
L'As des as (1982)
25%
Monuments Men (2014)
25%
Contact (1997)
20%
La Fabrique du mensonge (2024)
20%
Orange mécanique (1971)
16%
Iron Sky 2 (2019)
15%
Le Chouchou de l'asile (1979)
15%
Mission secrète (1950)
15%
Couleurs de l'incendie (2022)
14%
Max (2002)
13%
Kung Fury (2015)
10%
Aucun quiz correspondant
Distribution des résultats
% des personnes avec chaque résultat
Percentile par nombre de réponses
Votre historique - résultats
Vous n’avez pas pris ce quiz